MARC

LEADER 00000nam0a2200000 4500
001 73454
005 20231031084402.0
010 |a 5210022633 
035 |a (RuTPU)RU\TPU\book\78381 
090 |a 73454 
100 |a 20050216d1994 km y0rusy50 ca 
101 0 |a rus 
102 |a RU 
105 |a a z 000zb 
200 1 |a В. И. Суриков  |e альбом  |f Н. Г. Машковцев 
210 |a Москва  |c Искусство  |d 1994 
215 |a 191 с.  |c ил. 
600 1 |a Суриков  |g Василий Иванович  |b В. И.  |c русский художник  |c передвижник  |f 1848-1916  |2 stltpui  |3 (RuTPU)RU\TPU\pers\1180 
610 1 |a искусство 
610 1 |a живопись 
610 1 |a русская живопись 
610 1 |a альбомы 
675 |a 75.071(092)Суриков  |v 3 
700 1 |a Машковцев  |b Н. Г.  |g Николай Георгиевич 
801 1 |a RU  |b 63413507  |c 20050216  |g PSBO 
801 2 |a RU  |b 63413507  |c 20230629  |g PSBO 
942 |c BK